000
00299nam a2200133Ia 4500
005
20251222142015.0
008
251222s9999||||xx |||||||||||||| ||spa||
082
_a
848.85/G29
100
_a
Gautier, Teofilo
245
0
_a
El Capitán Fracasa
250
_a
5a.ed.
264
_b
Cumbre
942
_c
LIB
999
_c
10470
_d
10470